| LEADER |
00975nam0a2200229 450 |
| 001 |
16814415 |
| 010 |
|
|
|a 978-2-290-02217-7
|b br.
|d 16,9
|
| 100 |
|
|
|a 20101021d2026 u u0frey01 ba
|
| 101 |
1 |
|
|a fre
|c
|
| 102 |
|
|
|a FR
|
| 200 |
0 |
|
|a trône de fer (Le) 4
|e l'intégrale
|f George R. R. Martin
|g traduit de l'américain par Jean Sola
|
| 207 |
|
1 |
|a
|
| 210 |
|
|
|a Paris
|b 27 rue Cassette.
|c J'ai Lu
|d impr. 2010
|
| 215 |
|
|
|a 1 vol. (894 p.)
|c cartes, couv. ill. en coul.
|d 19 cm
|
| 225 |
1 |
|
|a J'ai lu
|
| 300 |
|
|
|a Réunit : 'Le chaos' ; 'Les sables de Dorne' ; 'Un festin pour les corbeaux',Réunit : 'Le chaos' ; 'Les sables de Dorne' ; 'Un festin pour les corbeaux'
|
| 461 |
|
0 |
|t (Le )trône de fer
|v 4
|
| 700 |
|
0 |
|a Martin
|b George R. R.
|c Auteur du texte
|f 1948-....
|4 70
|
| 702 |
|
0 |
|a Sola
|b Jean
|c angliciste
|f 19..-....
|4 730
|
| 900 |
|
|
|a Science Fiction
|
| 901 |
|
|
|a Accessible au prêt
|
| 995 |
|
|
|a Bibliothèque
|c Bibliothèque
|f 024013293
|h 024013293
|k SF MAR
|o p
|q a
|r az
|e Bibliothèque
|